Les scènes de Home invasion en 25 clics - Statistiques

Statistiques générales
  • Ce quiz a été pris 19 fois
  • Le résultat moyen est 10 sur 25
Statistiques - réponses
Hint Réponse % Correct
Home Alone 1 / Maman, j'ai raté l'avion !
93%
Papy fait de la résistance
87%
American Nightmare
80%
Funny Games
67%
Home Alone 2 / Maman, j'ai encore raté l'avion !
67%
John Wick
67%
Parasite
67%
Terreur sur la ligne (When a Stranger Calls)
60%
Home Alone 3 / Maman, je m'occupe des méchants !
40%
Knock Knock
40%
Terrifier 3
40%
Don't Breathe : La Maison des ténèbres
33%
Home Alone 4 / Maman, je suis seul contre tous
33%
Keep Watching
33%
Un frisson dans la nuit (Play Misty for Me)
33%
À l'intérieur
27%
Seule dans la nuit (Wait Until Dark)
20%
The Strangers
20%
Home Alone 5 / Maman, la maison est hantée !
13%
Knock at the Cabin
13%
La Dernière Maison sur la gauche
13%
Pas un bruit (Hush)
13%
You're Next
13%
Ça peut vous arriver demain (Death Game)
7%
Mother's Day
0%
Aucun quiz correspondant
Distribution des résultats
% des personnes avec chaque résultat
Percentile par nombre de réponses
Votre historique - résultats
Vous n’avez pas pris ce quiz